| 000 | 00789nam a2200241 a 4500 | ||
|---|---|---|---|
| 001 | BRL_1180 | ||
| 005 | 20190320211054.0 | ||
| 008 | 221113s1936----u--ab#####---#000-0#eng-# | ||
| 041 | _aeng | ||
| 044 | _au | ||
| 050 | 4 |
_aF1391.M6 _b.P37 1936 |
|
| 100 | 1 |
_aParsons, Elsie Worthington Clews _d1875-1941 _926026 |
|
| 245 | 1 | 0 |
_aMitla town of the souls _band other zapoteco-speaking publos of Oaxaca, Mexico _cby Elsie Clews Parsons. |
| 260 |
_aChicago, Illinois _bThe University of Chicago Press _c1936 |
||
| 300 |
_axix, 590 p. _bil., mapas _c21 cm. |
||
| 500 | _aAu2052 | ||
| 504 | _aBibliografía: p. 570-573. | ||
| 650 | 1 | 4 |
_aZapotecas _910464 |
| 650 | 1 | 4 |
_aIndígenas de México _zOaxaca _926027 |
| 651 | 4 |
_aSan Pablo Villa de Mitla (Mexico) _926028 |
|
| 902 | _aGRL | ||
| 942 |
_2lcc _cB |
||
| 999 |
_c9992 _d9992 |
||